000 01042cam a22003617 4500
001 7960
003 DO-SdBNP
005 20180206131105.0
007 7960
008 090519s2009 mx a|||c000 1 spa f
015 _a
017 _a
_b
020 _a9789681901882
035 _a
040 _aBPMSU
_bspa
_cBPMSU
_e
080 _a
082 _aM863.44
_bH663u
100 1 _aHinojosa, Francisco
_d1954-
245 1 0 _aUna semana en Lugano /
_h
_cFrancisco Hinojosa ; ilustraciones Mauricio Gómez Morín
250 _a 8a. reimpresión
260 _aMéxico :
_bAlfaguara,
_c2009
300 _a118 p.;
_c20 cm
490 _aAlfaguara juvenil
500 _aIncluye datos biográficos del autor
650 4 _aCUENTOS JUVENILES MEXICANOS
650 4 _aLITERATURA JUVENIL MEXICANA
650 _aHISTORIAS DE AVENTURAS JUVENILES
700 _aGómez Morín, Mauricio
_eil.
830 _aAlfaguara juvenil
942 _2ddc
_cBK
945 _aInventariado, 2018 / BT
956 _a VMATEO
_b10
_c20161108
_dBPMSU
_f0069
999 _c11856
_d11856